1786 1375 1628 1200 1796 1469 1504 1560 1625 1064 1536 1094 1433 1474 1763 1871 1438 1500 1563 1216 1842 1066 1782 1990 1802 1591 1688 1979 1424 1097 1997 1735 1213 1500 1936 1134 1401 1122 1829 1590 1166 1968 1867 1975 1399 1478 1039 1830 1449 1028 1045 1161 1365 1630 1396 1824 1401 1417 1737 1559 1464 1532 1251 1757 1691 1084 1949 1183 1530 1508 1032 1488 1122 1701 1296 1996 1298 1263 1889 1249 1805 1315 1580 1068 1311 1035 1908 1777 1428 1889 1738 1484 1411 1585 1767 1879 1168 1325 1693 BCNSPRNW ULIB Ver.6.0+V

เปลี่ยนเป็นภาษาไทย

Change to English
 แสดงรายละเอียดบรรณานุกรม
  กลับหน้าหลัก

Brief Record : Get Marc (ISO 2709) : E-mail record : QR code < ปิดหน้าต่าง
LEADER : 00000nam 2200000uu 4500
001    13399112901
003     ULIB
008    110916s2552||||th 000 0 tha d
020    9786160600717
090    นว.^bม730ป 2552
100 0  เมเปิ้ลสีขาว
245 00 ปรุงรักให้ครบรส/^cเมเปิ้ลสีขาว
250    พิมพ์ครั้งที่ 2
260    กรุงเทพฯ :^bแจ่มใส,^c2552
300    280 หน้า
945    ^p179^l0^i16297
995    กัณชพร
999    ^aใช้งานได้ทุกระบบ
รายการนี้ยังไม่มีแท็ก
คุณยังไม่ได้ล็อกอิน คุณสามารถมีกิจกรรมร่วมกับเว็บไซต์ได้ แต่ต้องล็อกอินก่อน ::
  ล็อกอิน

รายการสื่อสารสนเทศ

ลำดับที่ ประเภท เลขเรียก/บาร์โค้ด สถานที่ สถานะ
1. นวนิยาย
นวนิยาย
นว. ม730ป 2552  
  Barcode: 16297
ห้องสมุดวิทยาเขตนครสวรรค์
►นวนิยาย:l:Fiction
บนชั้น

รายการใกล้เคียง
    ผู้แต่ง [เมเปิ้ลสีขาว]

BibComment


ยังไม่เคยถูกคอมเมนท์

คอมเมนท์ทรัพยากรรายการนี้
  คอมเมนท์: ปรุงรักให้ครบรส เ..


 Copyright 2026. Bcnsprnw @Library